The economics of electricity markets / (Record no. 598077)
[ view plain ]
| 000 -LEADER | |
|---|---|
| fixed length control field | 00287nam a2200109Ia 4500 |
| 008 - FIXED-LENGTH DATA ELEMENTS--GENERAL INFORMATION | |
| fixed length control field | 230907s9999||||xx |||||||||||||| ||und|| |
| 082 ## - DEWEY DECIMAL CLASSIFICATION NUMBER | |
| Classification number | 333.7932,BIG |
| 100 ## - MAIN ENTRY--PERSONAL NAME | |
| Personal name | Biggar, Darryl R. |
| 9 (RLIN) | 115094 |
| 245 #4 - TITLE STATEMENT | |
| Title | The economics of electricity markets / |
| 300 ## - PHYSICAL DESCRIPTION | |
| Extent | xx, 409 pages ; |
| 942 ## - ADDED ENTRY ELEMENTS (KOHA) | |
| Koha item type | Book |
| Withdrawn status | Lost status | Damaged status | Not for loan | Permanent Location | Current Location | Date acquired | Total Checkouts | Full call number | Barcode | Date last seen | Price effective from | Koha item type |
|---|---|---|---|---|---|---|---|---|---|---|---|---|
| US-Pakistan Center for Advanced Studies in Energy (USPCAS-E) | US-Pakistan Center for Advanced Studies in Energy (USPCAS-E) | 06/04/2018 | 333.7932,BIG | CAS-E0002176 | 09/12/2023 | 09/12/2023 | Book |
